'B' Names by 3 Surnames Quiz Stats

 Plays Quiz Updated Apr 28, 2019

Score 0/20 Timer 05:00
13 Plays Today
% Correct
Bill
96.9%
Ben
96.8%
Bob
96.5%
Bruce
96.5%
Brad
96.3%
Billie
93.3%
Barry
93.3%
Barbara
91.5%
Buddy
91.2%
Burt
91%
% Correct
Betty
90.5%
Blake
89.9%
Brooke
86.5%
Bonnie
85.5%
Brett
81.9%
Brian
80.6%
Bella
78.7%
Brittany
76.2%
Brenda
66.3%
Bessie
58.4%

You're not logged in!

Compare scores with friends on all Sporcle quizzes.
OR
Log In

Sporcle TV

Today on Sporcle TV


Watch our educational content, quiz creation guides, and fun videos on Sporcle TV.

Show Comments

Extras

Top Quizzes Today


Score Distribution

Your Account Isn't Verified!

In order to create a playlist on Sporcle, you need to verify the email address you used during registration. Go to your Sporcle Settings to finish the process.

Report this User

Report this user for behavior that violates our Community Guidelines.

Details: